Challenges in granular physics

This book contains accounts of modern approaches to the physics of particulate matter, from a broad group of interdisciplinary and international experts in the field. It will serve as an invaluable handbook for all researchers, both novices and experienced people, who want to be quickly guided to op...

Fuld beskrivelse

Đã lưu trong:
Bibliografiske detaljer
Hovedforfatter: Halsey,Thomas
Andre forfattere: Mehta, Anita
Format: Bog
Sprog:Vietnamese
Udgivet: New Jersey World Scientific 2003
Fag:
Tags: Tilføj Tag
Ingen Tags, Vær først til at tagge denne postø!
Thư viện lưu trữ: Thư viện Trường Đại học Nam Cần Thơ
LEADER 01064nam a22002057a 4500
001 NCT_82512
008 200723b xxu||||| |||| 00| 0 vie d
999 |c 4060  |d 4060 
020 |a 9812382399 
082 0 4 |2 23rd ed.  |a 539.72  |b H196 
100 1 |a Halsey,Thomas 
245 1 0 |a Challenges in granular physics  |c Thomas Halsey 
260 |a New Jersey  |b World Scientific   |c 2003 
300 |a  256 p.  |b ill.  |c 25cm 
520 3 |a This book contains accounts of modern approaches to the physics of particulate matter, from a broad group of interdisciplinary and international experts in the field. It will serve as an invaluable handbook for all researchers, both novices and experienced people, who want to be quickly guided to open-ended questions in key aspects of the field. challenge and this topic. 
653 |a Cơ Bản 
700 1 |a Mehta, Anita  
942 |2 ddc  |c BK 
952 |0 0  |1 0  |2 ddc  |4 0  |6 539_720000000000000_H196  |7 0  |9 19972  |a 000001  |b 000001  |d 2020-07-23  |o 539.72 H196  |p MD.17450  |r 2020-07-23  |w 2020-07-23  |y BK 
980 |a Thư viện Trường Đại học Nam Cần Thơ